| 000 | 01415cam a22003255a 4500 | ||
|---|---|---|---|
| 001 | 014542916 | ||
| 003 | OSt | ||
| 005 | 20160313154634.0 | ||
| 008 | 080303t2009 paua frbd 001 0 eng d | ||
| 010 | _a2008010762 | ||
| 015 |
_aGBA827524 _2bnb |
||
| 020 | _a9780781765336 (pbk.) | ||
| 020 | _a0781765331 (pbk.) | ||
| 040 |
_aStDuBDS _beng _cStDuBDS _dUk _dEG-ScBUE |
||
| 082 | 0 | 4 |
_a617.6 _bEVI _222 |
| 245 | 0 | 0 |
_aEvidence-based decision making : _ba translational guide for dental professionals / _cby Jane L. Forrest ... [et al.] |
| 260 |
_aPhiladelphia : _bLippincott Williams & Wilkins : _bWolters Kluwer Health, _cc.2009. |
||
| 300 |
_aix, 169 p. : _bill. ; _c28 cm. |
||
| 500 | _aIndex : p. 165-169. | ||
| 500 | _aIncludes glossary. | ||
| 500 | _aIncludes appendix. | ||
| 504 | _aIncludes bibliographical references. | ||
| 505 | 0 | _aIntroduction to evidence-based decision making -- PICO: asking good questions[A1] -- Research design and sources of evidence -- Levels of evidence -- Finding the evidence: using PICO to guide the search -- Critical appraisal of the evidence -- Evaluating web-based health information -- Applying the evidence to practice -- Evaluating the process and your performance. | |
| 650 | 0 |
_aEvidence-based dentistry. _2BUEsh |
|
| 650 | 0 |
_aDentistry _xDecision making. _2BUEsh |
|
| 651 | _2BUEsh | ||
| 653 |
_bDDent _cMarch2016 |
||
| 700 | 1 | _aForrest, Jane L. | |
| 942 | _2ddc | ||
| 999 |
_c21391 _d21363 |
||